Riadenie zdrojov pre trh NBA Diploma Blok 5 Riadenie informácií

Bibliographic Details
Other Authors: Mayle, David (Compiler), Gontkovičová, Andrea (Translator)
Format: Book
Language:Slovak
PhysicalDescription:139 s. grafy, sch., tab. 30 cm
Published: Bratislava Nadácia City University c2001
ISBN:8089045200
Subjects:

MARC

LEADER 00000nam a2200000 a 4500
001 vtls001425304
003 SK-MaSNL
005 20260301120735.0
008 171123s2001 xo ap r yy 0 slo
015 |a SNBA2002/04-01570 
020 |a 8089045200 
035 |a SNK000380197 
035 |a urn:nbn:sk:snk-amlu0k 
035 |a urn:nbn:sk:snk-am00cccf 
035 |a 5ADBEF63-3B31-4A15-B408-E4A0AF0480C8 
040 |a SNK  |b slo  |c SNK  |e AACR2 
041 0 |a slo 
044 |a xo  |c SK 
080 |a 65.012.4:002(075.4)  |2 1981 
080 |a 002(075.4)  |2 1981 
130 1 0 |a Managing information  |l Slovensky  |9 463781 
245 0 |a Riadenie zdrojov pre trh  |b NBA Diploma  |n Blok 5  |p Riadenie informácií  |c pre kurzový tím pripravil David Mayle ; [prekladateľ: Andrea Gontkovičová] 
260 |a Bratislava  |b Nadácia City University  |c c2001 
300 |a 139 s.  |b grafy, sch., tab.  |c 30 cm 
504 |a Bibliogr. s. 139 
650 0 7 |a informatika manažérska  |x učebnice kurzov  |2 SNK  |9 463782 
650 0 7 |a manažment  |x informatika  |x učebnice kurzov  |2 SNK  |9 463783 
655 7 |a učebnice  |2 SNK  |9 22521 
700 1 |a Mayle, David  |4 com  |9 463784 
700 1 |a Gontkovičová, Andrea  |4 trl  |9 463785 
730 |t Managing information  |9 463786 
919 |a 80-89045-20-0 
958 |a TL 
958 |a OP 
958 |a NS 
958 |a NB 
968 |b ENG 
999 |c 726908  |d 728838 
952 |t P60, <03>, [BOOK], {603}  |a SNK  |b SNK  |y PREZ  |7 0  |p 17A0324682  |o snkSB 64205/5  |i snkKSP 13512/2001  |0 0  |1 0  |4 0  |d 2001-11-30  |f 1  |l 0  |r 2025-04-17 00:00:00  |w 2026-02-23 
952 |t P60, <04>, [BOOK], {604}  |a SNK  |b SNK  |y VYP  |7 0  |p 17A0324683  |o snkSB 64205/5 D1  |i snkKSP 13513/2001  |0 0  |1 0  |4 0  |d 2001-11-30  |l 0  |r 2005-01-02 00:00:00  |w 2026-02-23